00591nam a22001697a 450000500170000000800410001702000150005808200210007310000240009424501240011826000400024230000120028265000150029494200060030995200930031599900130040820240226012843.0240226b |||||||| |||| 00| 0 eng d a9810033613 222a322.44bcon. aSingh, Mehervan DR. aContemporary Personal Impressions upon :bIndian Independence movement and punjabi suba struggle /cDr. Mehervan Singh. aSingapore :bMaja Marketing /c1992 a206 p : aHistorial. cL 001040708LaWERCLbWERCLd2024-02-26l0o322.44 con.p2088r2024-02-26w2024-02-26yL c484d484